Star Wars A-Z #1 - Statistics

General Stats
  • This quiz has been taken 145 times
  • The average score is 22 of 26
Answer Stats
Hint Answer % Correct
Golden robot who is in every Star Wars movie C-3PO
100%
May the _____ be with you Force
99%
Alter-ego of Darth Vader Anakin Skywalker
97%
Luke’s twin who grew up on Alderaan Princess Leia
96%
“Revenge of the ____” Sith
96%
Planet-shaped thing that Luke blew up Death Star
95%
Planet where Padmé grew up Naboo
95%
Obi-Wan’s mentor Qui-Gon Jinn
94%
Species of Chewbacca Wookie
94%
“When 900 years you reach, look as good you will not.” Yoda
92%
Orange and White robot BB-8
91%
Cute Teddy-Bear beings lives onEndor Ewoks
91%
Courageous Droid R2-D2
91%
Place where Luke almost froze to death Hoth
90%
Darth Vader’s famous musical themefrom “The Empire Strikes Back” Imperial March
89%
Quote by Han Solo: “Never tell me the____” Odds
87%
Name of Han Solo’s Ship Millenium Falcon
86%
Rebel Starfighter X-Wing
84%
Rey’s last name Palpatine
83%
Uncle of Luke Uncle Owen
83%
The new name of Luke’s Dad Vader
83%
Place where Rey lives Jakku
77%
Animal who Han Solo cut open to saveLuke from freezing Tauntaun
70%
Alien who works for Jabba the Hutt Greedo
67%
Run made by Millenium Falcon in lessthen 12 parsecs Kessel Run
64%
Blaster Victim of Jango Zam Wesell
36%
No matching quizzes found
Score Distribution
Percent of People with Each Score
Percentile by Number Answered
Your Score History
You have not taken this quiz